000 00359pam a2200157a 44500
008 230515b2017 xxu||||| |||| 00| 0 eng d
020 _a9788123927015
041 _aENGLISH
082 _a610
100 _aMANIVANNAN
245 _aTEXTBOOK OF COMMUNITY HEALTH NRUSING VOL-1
250 _a1
260 _a
_bC B S
_c2017
300 _a452
650 _aNULL
999 _c532391
_d532391